[Event "Sparkassen-Open B"]
[Site "Heusenstamm, Martinsee"]
[Date "2021.11.20"]
[Round "4.41"]
[White "Merz, Leander"]
[Black "Koholka, Jan"]
[Result "0-1"]
[WhiteElo "1268"]
[BlackElo "1533"]
[PlyCount "62"]
[EventDate "2021.??.??"]
[WhiteTeam "Schachforum Darmstadt"]
[BlackTeam "SK Langen"]

1. d4 d5 2. Nf3 Nf6 3. Bf4 e6 4. a3 Bd6 5. Bg3 b6 6. e3 O-O 7. c4 Ba6 8. Qb3 c5
9. Nc3 Nc6 10. Bh4 Na5 11. Qc2 Bxc4 12. Bxc4 Nxc4 13. e4 Be7 14. O-O-O Nxe4 15.
Bxe7 Qxe7 16. Nxe4 dxe4 17. Qxe4 cxd4 18. Qxd4 Rac8 19. Kb1 Rfd8 20. Qf4 Qf6
21. Rxd8+ Qxd8 22. Rc1 Na5 23. Rxc8 Qxc8 24. Nd4 h6 25. Nb5 Qb7 26. Nd6 Qc7 27.
Qb4 Nc6 28. Qd2 Qd7 29. Qd3 Ne7 30. Qg3 a5 31. Ne4 Qd1+ 0-1

[Event "Sparkassen-Open B"]
[Site "Heusenstamm, Martinsee"]
[Date "2021.11.20"]
[Round "4.42"]
[White "Mandalka, Justus"]
[Black "Jumah, Shayan"]
[Result "1-0"]
[WhiteElo "1366"]
[BlackElo "1264"]
[PlyCount "49"]
[EventDate "2021.??.??"]
[WhiteTeam "SK Bad Homburg"]
[BlackTeam "SG Trier"]

1. e4 e6 2. d4 d5 3. Bd3 Nf6 4. e5 Nfd7 5. f4 c5 6. c3 Nc6 7. Nf3 cxd4 8. cxd4
Be7 9. O-O O-O 10. Nc3 f6 11. exf6 Bxf6 12. Ne2 Qb6 13. Kh1 Kh8 14. Bb1 Re8 15.
Qd3 Nf8 16. a3 Qa6 17. Qd1 Bd7 18. Be3 Rac8 19. Bd3 Qb6 20. b4 Re7 21. Ne5 Bxe5
22. fxe5 Rce8 23. Bg5 Qd8 24. Bxe7 Qxe7 25. Rf4 1-0

[Event "Sparkassen-Open B"]
[Site "Heusenstamm, Martinsee"]
[Date "2021.11.20"]
[Round "4.43"]
[White "Ghaznavi, Massoud"]
[Black "Hott, Arthur"]
[Result "1/2-1/2"]
[WhiteElo "1510"]
[BlackElo "1239"]
[PlyCount "139"]
[EventDate "2021.??.??"]
[WhiteTeam "SV Oberursel"]
[BlackTeam "SC Bad Soden"]

1. d4 c6 2. e4 d5 3. e5 Bf5 4. Bd3 Bxd3 5. Qxd3 e6 6. Nf3 h6 7. O-O Nd7 8. Nbd2
c5 9. c4 Nb6 10. b3 Qc7 11. Bb2 O-O-O 12. Qe3 Kb8 13. Rac1 Rc8 14. h3 Ne7 15.
Qd3 Ng6 16. g3 Qd7 17. Qe2 Be7 18. Rfd1 Rhd8 19. a4 cxd4 20. a5 Na8 21. Bxd4
dxc4 22. Nxc4 Qb5 23. Qe3 Qa6 24. Nfd2 Nc7 25. Bxa7+ Qxa7 26. Qxa7+ Kxa7 27.
Nb6 Nxe5 28. Nxc8+ Rxc8 29. Nc4 Nxc4 30. Rxc4 Rd8 31. Rb1 Nd5 32. Rd1 Ka6 33.
b4 Kb5 34. Rg4 g5 35. Re4 Bxb4 36. h4 Bxa5 37. hxg5 hxg5 38. Re5 Rg8 39. Kg2
Kc6 40. Ra1 Bc3 41. Rc1 Rc8 42. Rxg5 Kd6 43. Rb1 Rb8 44. Rb3 Bf6 45. Rh5 b5 46.
Rf3 Ke7 47. Rb3 b4 48. Rh1 Bc3 49. Kf3 f5 50. Ke2 e5 51. Rh7+ Kd6 52. f3 Kc5
53. Kd3 e4+ 54. fxe4 fxe4+ 55. Ke2 Kc4 56. Rb1 b3 57. g4 b2 58. Rh3 Ra8 59.
Rhh1 Ra1 60. g5 Kb3 61. g6 Kc2 62. Rxb2+ Bxb2 63. Rh7 Ra8 64. g7 Rg8 65. Rh4 e3
66. Rc4+ Kb3 67. Rc5 Rd8 68. g8=Q Rxg8 69. Rxd5 Re8 70. Rd3+ 1/2-1/2

[Event "Sparkassen-Open B"]
[Site "Heusenstamm, Martinsee"]
[Date "2021.11.20"]
[Round "4.44"]
[White "Huang, Luca Hanson"]
[Black "Müftahi, Tunay"]
[Result "1-0"]
[WhiteElo "1429"]
[BlackElo "1286"]
[PlyCount "55"]
[EventDate "2021.??.??"]
[WhiteTeam "SK Frankenthal"]
[BlackTeam "SK Gründau"]

1. e4 c5 2. Nf3 Nc6 3. d4 cxd4 4. Nxd4 g6 5. Nc3 Bg7 6. Be3 Nf6 7. f3 O-O 8.
Qd2 d6 9. O-O-O Bd7 10. g4 a5 11. h4 Nxd4 12. Bxd4 h6 13. g5 hxg5 14. hxg5 Nh5
15. Bxg7 Kxg7 16. Qd4+ Kg8 17. f4 Bg4 18. Rd2 e6 19. Rh4 e5 20. Qg1 Be6 21. f5
Bc8 22. Bc4 Kh8 23. Qg4 Kg7 24. Rxh5 gxh5 25. Qxh5 Qb6 26. Qh6+ Kg8 27. Qg6+
Kh8 28. Rh2# 1-0

[Event "Sparkassen-Open B"]
[Site "Heusenstamm, Martinsee"]
[Date "2021.11.20"]
[Round "4.45"]
[White "Junkers, Günter"]
[Black "Alt, Johannes"]
[Result "0-1"]
[WhiteElo "1235"]
[BlackElo "1283"]
[PlyCount "100"]
[EventDate "2021.??.??"]
[WhiteTeam "SG Rödermark"]
[BlackTeam "SF Heidesheim"]

1. e4 e6 2. Nf3 d5 3. e5 c5 4. Bb5+ Nc6 5. Bxc6+ bxc6 6. d3 Ne7 7. O-O Ng6 8.
Bg5 Qc7 9. Re1 Rb8 10. b3 h6 11. Bh4 Nxh4 12. Nxh4 Be7 13. Nf3 O-O 14. d4 Qb6
15. Nc3 cxd4 16. Qxd4 Bc5 17. Qh4 Bb4 18. Re3 Re8 19. Na4 Qa5 20. Nd4 Bd7 21.
Nf3 Ba3 22. Rd1 c5 23. Nd2 Rb4 24. Qg3 Bxa4 25. bxa4 Rxa4 26. Nb3 Qb6 27. Nd2
Bb4 28. Rb3 c4 29. Rbb1 Qa5 30. Nf3 Rxa2 31. Nd4 Rc8 32. h4 a6 33. Kh2 Bc5 34.
Qg4 Bxd4 35. Rxd4 Rxc2 36. Rf4 Qc7 37. Rf6 Qxe5+ 38. Kh3 Qxf6 39. f3 Qf5 40.
Qxf5 exf5 41. Re1 d4 42. Re5 g6 43. Kg3 d3 44. Rd5 d2 45. Kf4 c3 46. Ke5 Rc1
47. Kf6 d1=Q 48. Ke5 Re8+ 49. Kd6 Rd8+ 50. Ke5 Qxd5+ 0-1

[Event "Sparkassen-Open B"]
[Site "Heusenstamm, Martinsee"]
[Date "2021.11.20"]
[Round "4.46"]
[White "Özyar, Arin"]
[Black "Meuer, Stephan"]
[Result "1-0"]
[WhiteElo "1334"]
[BlackElo "1182"]
[PlyCount "69"]
[EventDate "2021.??.??"]
[WhiteTeam "SC Bad Soden"]
[BlackTeam "SV Lahnstein"]

1. d4 e6 2. Nc3 Nf6 3. Bf4 d5 4. f3 Bb4 5. Qd3 h6 6. O-O-O a6 7. e3 Nc6 8. Nge2
Bd6 9. e4 Bxf4+ 10. Nxf4 dxe4 11. fxe4 O-O 12. e5 Nd5 13. Nce2 b6 14. h4 a5 15.
Qg3 Kh8 16. Nh5 Rg8 17. Nef4 Nce7 18. Bd3 Qe8 19. Qf3 Rb8 20. Qe4 g6 21. Nf6
Nxf6 22. exf6 Nf5 23. h5 Ng3 24. hxg6 Rg7 25. fxg7+ Kxg7 26. gxf7 Qxf7 27.
Nxe6+ Bxe6 28. Qh7+ Kf8 29. Rxh6 Re8 30. Re1 Qxh7 31. Rxh7 Kg8 32. d5 Bf7 33.
Rxe8+ Bxe8 34. Rxc7 b5 35. d6 1-0

[Event "Sparkassen-Open B"]
[Site "Heusenstamm, Martinsee"]
[Date "2021.11.20"]
[Round "4.47"]
[White "Nimrichter, Christian"]
[Black "Stosberg, David"]
[Result "1-0"]
[WhiteElo "1446"]
[BlackElo "1086"]
[PlyCount "79"]
[EventDate "2021.??.??"]
[WhiteTeam "VSG Offenbach"]
[BlackTeam "Sfr. Mörfelden"]

1. d4 d5 2. c4 c6 3. Nc3 Nf6 4. Nf3 Bg4 5. e3 e6 6. Be2 Bd6 7. O-O O-O 8. c5
Bc7 9. b4 a5 10. b5 b6 11. cxb6 Bxb6 12. bxc6 Nxc6 13. Ba3 Re8 14. Na4 Bc7 15.
Bb5 Nb4 16. Bxb4 axb4 17. Bxe8 Nxe8 18. Nc5 Ra7 19. Nb3 Qd6 20. g3 h5 21. Kg2
h4 22. h3 Bh5 23. g4 Bg6 24. Nbd2 Be4 25. Rh1 Nf6 26. Nxe4 Nxe4 27. Qe2 Ra3 28.
Nd2 Ng3 29. fxg3 Qxg3+ 30. Kf1 Rxe3 31. Qf2 Rd3 32. Qxg3 hxg3 33. Nb3 f5 34.
Ke2 Rc3 35. Rac1 g2 36. Rhg1 Rxc1 37. Rxc1 Bh2 38. Kf2 g1=Q+ 39. Rxg1 Bxg1+ 40.
Kxg1 1-0

[Event "Sparkassen-Open B"]
[Site "Heusenstamm, Martinsee"]
[Date "2021.11.20"]
[Round "4.51"]
[White "Neininger, Sarah"]
[Black "Grebe, Sabrina"]
[Result "1-0"]
[WhiteElo "1380"]
[BlackElo "1049"]
[PlyCount "95"]
[EventDate "2021.??.??"]
[WhiteTeam "VSG Offenbach"]
[BlackTeam "SC Heusenstamm"]

1. e4 e5 2. Nf3 Nc6 3. d4 exd4 4. Bc4 Bc5 5. c3 dxc3 6. Bxf7+ Kxf7 7. Qd5+ Ke8
8. Qxc5 cxb2 9. Bxb2 d6 10. Qe3 Qe7 11. O-O Nf6 12. Nc3 Nb4 13. Rac1 c6 14. a3
Na6 15. Rfe1 Ng4 16. Qd2 Ne5 17. Nxe5 dxe5 18. h3 Nc5 19. Qe3 Be6 20. Nd5 cxd5
21. Qxc5 Qd7 22. exd5 Bxd5 23. Rxe5+ Be6 24. Rce1 Rc8 25. Rxe6+ Kd8 26. Qe7+
Qxe7 27. Rxe7 Rc7 28. Rxc7 Kxc7 29. Re7+ Kb6 30. Rxg7 Rd8 31. Kf1 h5 32. Rg5
Rd1+ 33. Ke2 Rb1 34. Bd4+ Ka6 35. Rxh5 Rb5 36. Rxb5 Kxb5 37. Bxa7 b6 38. h4 Kc6
39. h5 Kb7 40. Bxb6 Kxb6 41. h6 Kb5 42. h7 Ka4 43. h8=Q Kxa3 44. Qb8 Ka4 45.
Kd3 Ka5 46. Kc4 Ka6 47. Kc5 Ka5 48. Qb5# 1-0

[Event "Sparkassen-Open B"]
[Site "Heusenstamm, Martinsee"]
[Date "2021.11.20"]
[Round "4.52"]
[White "Klein, Simon"]
[Black "Derr, Oleg"]
[Result "1-0"]
[WhiteElo "1379"]
[BlackElo "1198"]
[PlyCount "107"]
[EventDate "2021.??.??"]
[WhiteTeam "SK Hungen"]
[BlackTeam "VSG Offenbach"]

1. d4 Nf6 2. Bf4 c5 3. d5 b5 4. e3 Qa5+ 5. c3 d6 6. Nf3 Bb7 7. Be2 Nxd5 8. Bg3
g6 9. O-O Nf6 10. Nbd2 Bg7 11. b4 cxb4 12. cxb4 Qb6 13. Rc1 O-O 14. a4 a6 15.
a5 Qd8 16. Bh4 Nbd7 17. Nd4 Ne5 18. N2f3 Nxf3+ 19. Bxf3 Bxf3 20. Qxf3 d5 21.
Rc6 Qd7 22. Rfc1 Rfc8 23. Qe2 Rxc6 24. Rxc6 Rc8 25. Qc2 Rxc6 26. Qxc6 Qxc6 27.
Nxc6 Nd7 28. Nxe7+ Kf8 29. Nxd5 Bb2 30. Nc7 Nb8 31. Bg3 Bc3 32. Nd5 Nc6 33.
Bd6+ Ke8 34. Nxc3 Kd7 35. Bc5 f5 36. Nd5 h6 37. Kf1 Ne5 38. Ke2 Kc6 39. Ne7+
Kd7 40. Nd5 Kc6 41. Ne7+ Kd7 42. Ng8 h5 43. f4 Nc6 44. Nf6+ Ke6 45. Nh7 Kd5 46.
Kd3 Ke6 47. Ng5+ Kf6 48. Kc3 Ne7 49. Bxe7+ Kxe7 50. Kd4 Kd6 51. Nf7+ Ke6 52.
Kc5 Kxf7 53. Kb6 Ke6 54. Kxa6 1-0

[Event "Sparkassen-Open B"]
[Site "Heusenstamm, Martinsee"]
[Date "2021.11.20"]
[Round "4.54"]
[White "Niesel, Markus"]
[Black "Büttner, Anton"]
[Result "0-1"]
[WhiteElo "891"]
[BlackElo "1234"]
[PlyCount "146"]
[EventDate "2021.??.??"]
[WhiteTeam "SV Ffm-Griesheim"]
[BlackTeam "OSG Baden-Baden"]

1. e4 e5 2. Nf3 Nc6 3. Bc4 Nf6 4. d3 h6 5. O-O Bc5 6. Be3 Bb6 7. c3 d6 8. h3
Be6 9. Bb3 Qd7 10. Kh2 O-O-O 11. Ba4 Qe8 12. Na3 Bd7 13. Rc1 Bxe3 14. fxe3 Ne7
15. Bxd7+ Rxd7 16. Qa4 Kb8 17. Rcd1 Rd8 18. Qb4 Nc6 19. Qc4 Na5 20. Qb5 Qxb5
21. Nxb5 a6 22. Na3 Nc6 23. Nc4 Rhe8 24. a4 g6 25. b4 Re7 26. b5 axb5 27. axb5
Na7 28. b6 Nc6 29. Ra1 cxb6 30. Nxb6 Kc7 31. Na8+ Kb8 32. Rfb1 Na7 33. Nb6 Nc6
34. Nd2 d5 35. Nb3 dxe4 36. dxe4 Nxe4 37. c4 f5 38. Na5 Nxa5 39. Rxa5 Ree8 40.
Nd5 Nd2 41. Rb4 Rf8 42. Ne7 Nf1+ 43. Kg1 Nxe3 44. Nc6+ Kc7 45. Nxd8 Rxd8 46.
Rxe5 Rd3 47. Re7+ Kc6 48. Rbxb7 Nxc4 49. Rbc7+ Kb5 50. Re8 Rd2 51. Rb8+ Nb6 52.
Rc1 Rd6 53. Rb1+ Kc5 54. Rc1+ Kb5 55. Re1 Kc5 56. Re5+ Kc6 57. Rh8 h5 58. Re2
Nd5 59. Rc2+ Kd7 60. Rh7+ Ke6 61. Re2+ Kf6 62. Re8 Kg5 63. Re5 Nf4 64. Ra7 Rd1+
65. Kh2 Rd2 66. Kg1 Rxg2+ 67. Kf1 Rg3 68. Ra4 Rxh3 69. Rb5 Kg4 70. Rbb4 Rf3+
71. Kg1 Kg3 72. Rb2 Nh3+ 73. Kh1 Rf1# 0-1

[Event "Sparkassen-Open B"]
[Site "Heusenstamm, Martinsee"]
[Date "2021.11.20"]
[Round "4.55"]
[White "Deboer, Martin"]
[Black "Gärtner, David"]
[Result "0-1"]
[WhiteElo "763"]
[BlackElo "1185"]
[PlyCount "86"]
[EventDate "2021.??.??"]
[WhiteTeam "SK Bickenbach"]
[BlackTeam "SF Mainz"]

1. e4 c5 2. c4 d6 3. Nc3 Nf6 4. d3 g6 5. Nf3 Nc6 6. g3 Bg7 7. Bg2 O-O 8. h3 Be6
9. Bf4 Qa5 10. O-O a6 11. Qd2 b5 12. b3 Nh5 13. Rac1 Nxf4 14. gxf4 Rfb8 15.
Rfe1 Qc7 16. Qe2 Re8 17. e5 Rab8 18. a4 bxc4 19. dxc4 Rxb3 20. Na2 Reb8 21.
Red1 dxe5 22. fxe5 Nxe5 23. Nxe5 Qxe5 24. Qxe5 Bxe5 25. Bd5 Bxh3 26. Re1 Bd6
27. Nc3 e6 28. Bg2 Bf5 29. Ne4 Be7 30. Red1 Ra3 31. Rd7 Kf8 32. Nc3 Rbb3 33.
Ne4 Bxe4 34. Bxe4 Rb4 35. Bc6 Rbb3 36. Kg2 Rc3 37. Rxc3 Rxc3 38. f3 Rxc4 39.
Kg3 Rd4 40. Rc7 Rb4 41. f4 Bf6 42. Kg4 Rb3 43. a5 h5# 0-1

[Event "Sparkassen-Open B"]
[Site "Heusenstamm, Martinsee"]
[Date "2021.11.20"]
[Round "5.1"]
[White "Markosyan, Aleksandr"]
[Black "Ngo, Quang Thai"]
[Result "1/2-1/2"]
[WhiteElo "1716"]
[BlackElo "1779"]
[PlyCount "116"]
[EventDate "2021.??.??"]
[WhiteTeam "SG Idstein"]
[BlackTeam "SV Griesheim"]

1. e4 c5 2. c3 Nf6 3. e5 Nd5 4. d4 cxd4 5. cxd4 e6 6. Nf3 d6 7. exd6 Bxd6 8.
Bc4 Nb6 9. Bb3 h6 10. O-O N8d7 11. Nc3 Nf6 12. Re1 O-O 13. Nb5 Bb8 14. Qe2 Nbd5
15. Ne5 Ne7 16. Be3 a6 17. Nc3 Bd7 18. Rad1 Bc6 19. Nxc6 bxc6 20. Qf3 Qd6 21.
g3 Nf5 22. Ne4 Nxe4 23. Qxe4 Ba7 24. Bf4 Qb4 25. Be5 Rad8 26. Bc2 Bxd4 27. g4
Qxb2 28. Bc7 Rc8 29. gxf5 exf5 30. Qxf5 g6 31. Qe4 Bxf2+ 32. Kxf2 Rxc7 33. Re2
Qxa2 34. Qf4 Qa5 35. Qxh6 Qc5+ 36. Kg2 Re7 37. Rf2 Re5 38. Qf4 Qe7 39. Kh1 Re1+
40. Rxe1 Qxe1+ 41. Rf1 Qe6 42. Bxg6 Qxg6 43. Rg1 Qxg1+ 44. Kxg1 Re8 45. Qg3+
Kf8 46. Qd6+ Kg8 47. Qxc6 Re6 48. Qc4 Kh7 49. Qd3+ Kg8 50. h4 Rh6 51. Kg2 Rg6+
52. Kf3 Re6 53. Kf4 Kg7 54. Qd4+ Kh7 55. Qd5 Kg7 56. h5 Kh7 57. Kg5 Kg7 58. Qf5
Rh6 1/2-1/2

[Event "Sparkassen-Open B"]
[Site "Heusenstamm, Martinsee"]
[Date "2021.11.20"]
[Round "5.2"]
[White "Akhmatovski, Maxim"]
[Black "Bardorz, Christoph"]
[Result "1-0"]
[WhiteElo "1359"]
[BlackElo "1764"]
[PlyCount "159"]
[EventDate "2021.??.??"]
[WhiteTeam "SV Oberursel"]
[BlackTeam "TSV Rottendorf"]

1. e4 e5 2. Nf3 Nc6 3. Bc4 Nf6 4. Ng5 d5 5. exd5 Na5 6. Bb5+ c6 7. dxc6 bxc6 8.
Be2 h6 9. Nf3 e4 10. Ne5 Bd6 11. d4 exd3 12. Nxd3 Qc7 13. Nc3 Bf5 14. h3 O-O
15. O-O Rad8 16. b3 Be5 17. Bb2 Ne4 18. Qe1 Bd4 19. Nxe4 Bxb2 20. Nxb2 Bxe4 21.
Qc3 Rd5 22. Rad1 Qe5 23. Qxe5 Rxe5 24. f4 Re7 25. Rd2 Rfe8 26. Bf3 f5 27. b4
Nb7 28. Nc4 Rc7 29. Ne5 Bxf3 30. Rxf3 a5 31. bxa5 Ra8 32. Nc4 Nxa5 33. Ra3 Rca7
34. Nxa5 Rxa5 35. Rxa5 Rxa5 36. c3 Ra3 37. Rc2 Kf7 38. Kf2 Ke6 39. Ke2 g5 40.
fxg5 hxg5 41. Kd3 Kd5 42. g3 c5 43. h4 gxh4 44. gxh4 f4 45. h5 c4+ 46. Ke2 Ke4
47. h6 Ra6 48. Rd2 Rxh6 49. Rd4+ Ke5 50. Rxc4 Rh2+ 51. Kf3 Rxa2 52. Rxf4 Kd5
53. Ke3 Rh2 54. Kd3 Rh3+ 55. Kc2 Kc5 56. Kb3 Rh5 57. Ra4 Rh1 58. Ra5+ Kb6 59.
Rg5 Rh4 60. c4 Rh3+ 61. Kb4 Rh1 62. Rg6+ Kc7 63. Kb5 Rb1+ 64. Kc5 Rc1 65. Rg7+
Kc8 66. Kb5 Rb1+ 67. Kc6 Kd8 68. Rg8+ Ke7 69. c5 Rb3 70. Kc7 Rc3 71. c6 Rc1 72.
Rg2 Rc3 73. Re2+ Kf6 74. Kb7 Rb3+ 75. Kc8 Rc3 76. c7 Rc1 77. Re4 Kf5 78. Rb4
Ke6 79. Kb7 Kd7 80. Rd4+ 1-0

[Event "Sparkassen-Open B"]
[Site "Heusenstamm, Martinsee"]
[Date "2021.11.20"]
[Round "5.4"]
[White "Bauer, Ottmar"]
[Black "Stosberg, Marc"]
[Result "0-1"]
[WhiteElo "1750"]
[BlackElo "1692"]
[PlyCount "70"]
[EventDate "2021.??.??"]
[WhiteTeam "TSV Rottendorf"]
[BlackTeam "Sfr. Mörfelden"]

1. e4 c6 2. d4 d5 3. e5 c5 4. c3 Nc6 5. Nf3 Bg4 6. dxc5 a5 7. Bb5 Bxf3 8. Qxf3
e6 9. Be3 Nge7 10. Bd4 Ng6 11. g3 Qg5 12. Qd1 h5 13. h4 Qd8 14. Qa4 Qc7 15. f4
Nge7 16. Nd2 Nf5 17. Kf2 Be7 18. b4 f6 19. Nb3 O-O 20. Bxc6 bxc6 21. Nxa5 Ra6
22. Rhb1 Nxd4 23. cxd4 fxe5 24. dxe5 Qxe5 25. Re1 Qd4+ 26. Kg2 Bxh4 27. Qd1
Qxb4 28. Nb3 Bxg3 29. Rf1 h4 30. Nd4 Qb2+ 31. Ne2 Bxf4 32. Kh3 Ra3+ 33. Kg4 Qe5
34. Nxf4 Rg3+ 35. Kxh4 Qg5# 0-1

[Event "Sparkassen-Open B"]
[Site "Heusenstamm, Martinsee"]
[Date "2021.11.20"]
[Round "5.5"]
[White "Werner, Florin"]
[Black "Jordake, Michael"]
[Result "1/2-1/2"]
[WhiteElo "1504"]
[BlackElo "1744"]
[PlyCount "38"]
[EventDate "2021.??.??"]
[WhiteTeam "VSG Offenbach"]
[BlackTeam "SC Bergen-Enkheim"]

1. e4 e5 2. Nf3 Nc6 3. Bb5 Nf6 4. d3 Ne7 5. Nc3 Ng6 6. Bg5 c6 7. Ba4 Bb4 8. a3
Bxc3+ 9. bxc3 Qa5 10. Bb3 Qxc3+ 11. Bd2 Qc5 12. Bb4 Qb6 13. Ng5 d5 14. exd5
cxd5 15. O-O h6 16. Nf3 a5 17. Bc3 d4 18. Bb2 O-O 19. a4 Be6 1/2-1/2

[Event "Sparkassen-Open B"]
[Site "Heusenstamm, Martinsee"]
[Date "2021.11.20"]
[Round "5.6"]
[White "Lasschuit, Rene"]
[Black "Bangerter, Daria"]
[Result "1-0"]
[WhiteElo "1665"]
[BlackElo "1627"]
[PlyCount "99"]
[EventDate "2021.??.??"]
[WhiteTeam "SV Berolina Mitte"]
[BlackTeam "ASK Reti Zuerich"]

1. c4 f5 2. g3 Nf6 3. Bg2 e5 4. Nc3 Nc6 5. d3 Bb4 6. e3 d6 7. Nge2 O-O 8. O-O
Bxc3 9. Nxc3 Ne7 10. Qb3 c6 11. d4 Kh8 12. dxe5 dxe5 13. e4 f4 14. gxf4 exf4
15. Bxf4 Nxe4 16. Rad1 Qe8 17. Bc7 Nxc3 18. Qxc3 Qf7 19. Bd6 Re8 20. Rfe1 Be6
21. Rd3 Nf5 22. Rf3 Qg6 23. Bg3 Rad8 24. b3 h5 25. Rf4 Nxg3 26. hxg3 Rd3 27.
Qc2 Rxg3 28. Qxg6 Rxg6 29. Rfe4 Kg8 30. f4 Kf7 31. f5 Rxg2+ 32. Kxg2 Bd7 33.
Rxe8 Bxe8 34. Kg3 Bd7 35. Kf4 Kf6 36. Rh1 Be8 37. Rd1 Ke7 38. c5 Bd7 39. Ke5 b6
40. cxb6 axb6 41. Rg1 Kf8 42. Rg5 Be8 43. Kd6 b5 44. a4 bxa4 45. bxa4 c5 46. a5
c4 47. a6 c3 48. a7 c2 49. Rg1 h4 50. a8=Q 1-0

[Event "Sparkassen-Open B"]
[Site "Heusenstamm, Martinsee"]
[Date "2021.11.20"]
[Round "5.7"]
[White "Pichl, Christoph"]
[Black "Lorenz, Alexander"]
[Result "0-1"]
[WhiteElo "1528"]
[BlackElo "1667"]
[PlyCount "68"]
[EventDate "2021.??.??"]
[WhiteTeam "SK Bad Homburg"]
[BlackTeam "SV Bergwinkel"]

1. d4 Nf6 2. Nf3 g6 3. Bf4 Bg7 4. e3 O-O 5. h3 d6 6. Nbd2 c5 7. c3 cxd4 8. exd4
Nc6 9. Bc4 Re8 10. O-O e5 11. dxe5 dxe5 12. Be3 e4 13. Nd4 Nd5 14. Nxc6 bxc6
15. Qe2 Qd6 16. Rad1 f5 17. Nb3 Bb7 18. Rd2 f4 19. Bc5 Qc7 20. Rfd1 h5 21.
Bxd5+ cxd5 22. c4 e3 23. fxe3 fxe3 24. Rc2 Rad8 25. Bxa7 Ba6 26. Bd4 Bxc4 27.
Qf3 e2 28. Re1 Qd7 29. Bxg7 Qxg7 30. Rd2 Rf8 31. Qg3 Rf1+ 32. Kh2 Rxe1 33. Qxe1
Qe5+ 34. g3 Rf8 0-1

[Event "Sparkassen-Open B"]
[Site "Heusenstamm, Martinsee"]
[Date "2021.11.20"]
[Round "5.8"]
[White "Meuer, David"]
[Black "Friedel, Thomas"]
[Result "1-0"]
[WhiteElo "1649"]
[BlackElo "1576"]
[PlyCount "59"]
[EventDate "2021.??.??"]
[WhiteTeam "SV Lahnstein"]
[BlackTeam "SV Groß-Gerau"]

1. e4 e5 2. Nf3 d6 3. d4 exd4 4. Nxd4 Be7 5. Nc3 Nf6 6. Be2 O-O 7. O-O Nbd7 8.
f4 c6 9. Be3 Qb6 10. Nf5 Qd8 11. Nxd6 Bxd6 12. Qxd6 Re8 13. e5 Re6 14. Qd2 Ne8
15. Bc4 Re7 16. Bc5 b6 17. Bxe7 Qxe7 18. Kh1 Bb7 19. Rad1 Rd8 20. Rfe1 Nc7 21.
f5 b5 22. Bb3 c5 23. Bxf7+ Qxf7 24. e6 Qxf5 25. e7 Re8 26. Qxd7 Qf2 27. Rg1 Kf7
28. Qxc7 Rxe7 29. Qg3 Qxc2 30. Rgf1+ 1-0

[Event "Sparkassen-Open B"]
[Site "Heusenstamm, Martinsee"]
[Date "2021.11.20"]
[Round "5.9"]
[White "Burow, Roger"]
[Black "Ziegler, Christopher"]
[Result "0-1"]
[WhiteElo "1634"]
[BlackElo "1443"]
[PlyCount "94"]
[EventDate "2021.??.??"]
[WhiteTeam "SV Kelsterbach"]
[BlackTeam "SV Kelsterbach"]

1. e4 d6 2. d4 Nf6 3. Nd2 g6 4. Ngf3 Bg7 5. c3 O-O 6. Bc4 Nxe4 7. Bxf7+ Rxf7 8.
Nxe4 Bg4 9. Neg5 Rf8 10. h3 Bd7 11. Qb3+ e6 12. O-O d5 13. Qxb7 Nc6 14. Qa6 Qf6
15. Re1 Rae8 16. h4 h6 17. Nh3 e5 18. dxe5 Nxe5 19. Qxf6 Nxf3+ 20. Qxf3 Rxe1+
21. Kh2 Rxf3 22. gxf3 Bf6 23. Kg3 Rh1 24. Nf4 Bxh4+ 25. Kg2 Rd1 26. Nxg6 Bf6
27. Nf4 Bg5 28. Kg3 Kf7 29. b3 h5 30. Ne2 h4+ 31. Kh2 Kg6 32. f4 Bh6 33. Bb2
Rd2 34. Rg1+ Kf7 35. Nd4 Bxf4+ 36. Kg2 Rxb2 37. Kf3 Be5 38. Rg5 Kf6 39. Rh5 h3
40. Ke3 Bxd4+ 41. cxd4 Rb1 42. Kf3 Rg1 43. Rh4 Bg4+ 44. Kf4 Be6 45. Rh6+ Kg7
46. Rxe6 h2 47. Re1 Rxe1 0-1

[Event "Sparkassen-Open B"]
[Site "Heusenstamm, Martinsee"]
[Date "2021.11.20"]
[Round "5.10"]
[White "Schwab, Tizian"]
[Black "Spelleken, Mark"]
[Result "1-0"]
[WhiteElo "1634"]
[BlackElo "1434"]
[PlyCount "55"]
[EventDate "2021.??.??"]
[WhiteTeam "TV-Großostheim"]
[BlackTeam "SC Kahl"]

1. e4 e5 2. Nf3 Nc6 3. Bb5 d6 4. h3 Nf6 5. Bxc6+ bxc6 6. Nc3 Bb7 7. d4 exd4 8.
Qxd4 g6 9. Bg5 Bg7 10. e5 dxe5 11. Qxe5+ Qe7 12. Qxe7+ Kxe7 13. Ne4 Rhe8 14.
O-O h6 15. Nxf6 Bxf6 16. Rfe1+ Kf8 17. Bxf6 Rec8 18. Re7 c5 19. Ne5 Bd5 20. Rd1
Be6 21. Nd7+ Kg8 22. Nxc5 Bxa2 23. b3 Rcb8 24. Rdd7 Bb1 25. Rxf7 Bxc2 26. Rg7+
Kf8 27. Ne6+ Ke8 28. Rde7# 1-0

[Event "Sparkassen-Open B"]
[Site "Heusenstamm, Martinsee"]
[Date "2021.11.20"]
[Round "5.12"]
[White "Keymer, Cecilia"]
[Black "Bergner, Matthias"]
[Result "1-0"]
[WhiteElo "1634"]
[BlackElo "1632"]
[PlyCount "107"]
[EventDate "2021.??.??"]
[WhiteTeam "SK Gau-Algesheim"]
[BlackTeam "SV Neu-Isenburg"]

1. d4 d5 2. c4 e6 3. Nc3 c6 4. Nf3 Nf6 5. e3 g6 6. Be2 Bg7 7. O-O O-O 8. Ne5
Nbd7 9. f4 dxc4 10. Bxc4 Nb6 11. Be2 Nbd5 12. Bf3 Qc7 13. e4 Nxc3 14. bxc3 Nd7
15. Be3 Rd8 16. Qb3 Nxe5 17. fxe5 b6 18. Rac1 Bb7 19. Bg5 Rd7 20. Rfd1 h6 21.
Be3 Rad8 22. Qb2 c5 23. Qf2 Qb8 24. Qh4 cxd4 25. cxd4 Qa8 26. Re1 g5 27. Qg4
Kf8 28. h4 gxh4 29. Qxh4 Ke8 30. Bf2 Rc8 31. Qg4 Kf8 32. Qf4 Rdc7 33. Be3 Rxc1
34. Rxc1 Rxc1+ 35. Bxc1 Qd8 36. Qe3 Kg8 37. Qf2 Kh7 38. Be3 Qd7 39. Qh4 Bf8 40.
Bh5 Be7 41. Qf2 Bg5 42. Bxg5 hxg5 43. Qxf7+ Qxf7 44. Bxf7 Bc8 45. d5 Kg7 46.
Be8 Kf8 47. Bc6 Ke7 48. Kf2 Ba6 49. Ke3 Bc4 50. a3 b5 51. Kd4 Bf1 52. g3 a5 53.
Kc5 Bg2 54. d6+ 1-0

[Event "Sparkassen-Open B"]
[Site "Heusenstamm, Martinsee"]
[Date "2021.11.20"]
[Round "5.13"]
[White "Tojcic, Josip"]
[Black "Traut, Stefan"]
[Result "1-0"]
[WhiteElo "1756"]
[BlackElo "1589"]
[PlyCount "91"]
[EventDate "2021.??.??"]
[WhiteTeam "VL Frankfurt"]
[BlackTeam "SF Heusenstamm"]

1. d4 Nf6 2. Nf3 c5 3. Bf4 e6 4. e3 d5 5. c3 Be7 6. Bd3 O-O 7. Nbd2 Nc6 8. Ne5
cxd4 9. exd4 Bd7 10. Qf3 Rc8 11. Qh3 Re8 12. Ndf3 Ne4 13. O-O f6 14. Nxd7 Qxd7
15. Rfe1 f5 16. Bb5 Bf6 17. Be5 Qf7 18. Bxf6 Qxf6 19. Ne5 Qe7 20. Bxc6 bxc6 21.
Qd3 Qb7 22. f3 Nf6 23. b4 Qb5 24. Qc2 Qb7 25. Nd3 Qf7 26. Nc5 Nd7 27. Nxd7 Qxd7
28. Re5 Qf7 29. Rae1 Rc7 30. Qa4 Qd7 31. Kf2 Kf7 32. Qa6 Qc8 33. Qe2 Rb7 34. f4
g6 35. g4 fxg4 36. Qxg4 Rbe7 37. h4 Qa6 38. R1e2 Qc4 39. R5e3 Qb5 40. h5 a5 41.
bxa5 Qxa5 42. Qg5 Rg8 43. Qh6 Rg7 44. f5 gxf5 45. Rxe6 Rxe6 46. Qxe6+ 1-0

[Event "Sparkassen-Open B"]
[Site "Heusenstamm, Martinsee"]
[Date "2021.11.20"]
[Round "5.14"]
[White "Vihan, Shourya"]
[Black "Michalski, Uwe"]
[Result "1/2-1/2"]
[WhiteElo "1278"]
[BlackElo "1753"]
[PlyCount "101"]
[EventDate "2021.??.??"]
[WhiteTeam "SV Ffm-Griesheim"]
[BlackTeam "SF Mainz"]

1. d4 b5 2. e4 Bb7 3. Bd3 e6 4. Nf3 c5 5. c3 Nf6 6. Qe2 c4 7. Bc2 Be7 8. Bg5 h6
9. Bxf6 Bxf6 10. Nbd2 Nc6 11. e5 Be7 12. Ne4 Qc7 13. a4 a6 14. axb5 axb5 15.
O-O O-O 16. Ng3 g6 17. Qe3 Kg7 18. h3 f5 19. exf6+ Bxf6 20. Ne4 Ne7 21. Nxf6
Rxf6 22. Be4 Nd5 23. Qd2 Nf4 24. Qe3 Bxe4 25. Qxe4 d5 26. Qe3 Ra4 27. Rxa4 bxa4
28. Ne5 Qb7 29. Qd2 Qb5 30. Rd1 Nd3 31. Nxd3 cxd3 32. Qxd3 Qxb2 33. Rd2 Qb3 34.
Qc2 Rf7 35. Qxb3 axb3 36. Rb2 Rb7 37. Kf1 Kf6 38. Ke2 e5 39. dxe5+ Kxe5 40. Ke3
g5 41. g4 Rb5 42. Kd3 Rb6 43. Ke3 Rc6 44. Rxb3 Rxc3+ 45. Rxc3 d4+ 46. Kd3 dxc3
47. Kxc3 Kf4 48. Kd2 Kf3 49. Ke1 Kg2 50. Ke2 Kxh3 51. f3 1/2-1/2

[Event "Sparkassen-Open B"]
[Site "Heusenstamm, Martinsee"]
[Date "2021.11.20"]
[Round "5.15"]
[White "Jahraus, Marlis"]
[Black "Bigott, Martin"]
[Result "1-0"]
[WhiteElo "1590"]
[BlackElo "1745"]
[PlyCount "59"]
[EventDate "2021.??.??"]
[WhiteTeam "SF Zeutern"]
[BlackTeam "SK Köln-Südwest"]

1. e4 Nf6 2. e5 Nd5 3. d4 d6 4. exd6 cxd6 5. c4 Nf6 6. Nf3 Bg4 7. Be2 Nbd7 8.
h3 Bh5 9. O-O e6 10. Nc3 Nb6 11. d5 e5 12. Ng5 Bg6 13. Bd3 Be7 14. Bxg6 hxg6
15. b3 Nh7 16. Nxh7 Rxh7 17. f4 Bf6 18. Qe2 Qd7 19. fxe5 Bxe5 20. Bf4 f6 21.
Qe4 O-O-O 22. Bxe5 dxe5 23. Qf3 Rdh8 24. Ne4 Rh4 25. Nc5 Qd6 26. Ne6 R8h7 27.
Qg3 g5 28. Qf3 e4 29. Qf5 Rxh3 30. Nxg5+ 1-0